000 01321nam a2200121Ia 4500
008 220615s9999||||xx |||||||||||||| ||und||
100 _aDos Santos, Elizaldo Domingues||Djordjevic, Nenad||Fragassa, Cristiano
245 0 _aEngineering Mathematics in Ship Design
546 _aEnglish[eng]
650 _aLead-Zirconium-Titanium (PZT)||n/a||H.O.M.E.R. nozzle||finite element||low-speed Diesel engine||piezoelectric sensor||AHP method||environmental management system||SPH||state-of-the-art||marine transport||single-stepped planing hulls||optimisation||finite element method||computational fluid dynamic||slamming||FSI||roll motion||harmonic excitation||external forces||towing tank tests||modelling||roll damping||ISO 9126||selection||stiffened plate||numerical model||damaged sensor||CFD||symmetric 2D + T theory||hydroelasticity||ISO 14001||water entry||plate||constitutive model||turbulence model||SHIPMOVE||impact traction||fixed pitch propeller||stiffeners||numerical simulation||cavitation||controllable pitch propeller||ISO 14598||MMG Model||hydrodynamic forces||balanced scorecard||finite volume method||deflection||constructal design||fluid-structure interaction||MCDM method||marine industry||ship design||fracture mechanics||coanda effect
856 _uhttps://www.mdpi.com/books/pdfview/book/1914
942 _cEB
999 _c18295
_d18295